| 000 | 01056nam a2200325 i 4500 | ||
|---|---|---|---|
| 003 | EG-ScBUE | ||
| 005 | 20230829125446.0 | ||
| 008 | 150827t20011988le f d 000 f eng d | ||
| 020 | _a9953102716 | ||
| 020 | _a9789953102719 | ||
| 040 |
_aEG-ScBUE _beng _erda _cEG-ScBUE _dEG-ScBUE |
||
| 082 | 0 | 4 |
_a823.7 _bAUS _222 |
| 100 | 1 |
_aAusten, Jane, _d1775-1817, _eauthor. |
|
| 245 | 1 | 0 |
_aSense and sensibility : _bwith an introduction, a guide, notes and a glossary / _cJane Austen. |
| 250 | _aReprinted edition. | ||
| 264 | 1 |
_aBeirut : _bYork Press, _c2001. |
|
| 300 |
_axxiii, 319 pages ; _c18 cm. |
||
| 336 |
_2rdacontent _atext _btxt |
||
| 337 |
_2rdamedia _aunmediated _bn |
||
| 338 |
_2rdacarrier _avolume _bnc |
||
| 490 | 0 | _aYork classics | |
| 500 | _aIncludes glossary. | ||
| 650 | 7 |
_aInheritance and succession _vFiction. _2BUEsh |
|
| 650 | 7 |
_aSocial classes _vFiction. _2BUEsh |
|
| 650 | 7 |
_aYoung women _vFiction. _2BUEsh |
|
| 651 | _2BUEsh | ||
| 653 |
_cAugust2015 _bHHUUEENN |
||
| 655 |
_vReading book _934232 |
||
| 942 |
_cBB _2ddc |
||
| 999 |
_c30493 _d30464 |
||